| 000 | 00932nam1a2200265 4500 | ||
|---|---|---|---|
| 001 | RU\NLR\BIBL_A\022471475 | ||
| 005 | 20250807185211.0 | ||
| 035 | _a(NLR Aleph) 022471475 | ||
| 090 |
_a82987 _c82987 |
||
| 100 | _a20250226d1941 e y0rusy50 ca | ||
| 101 | 0 | _aaze | |
| 102 | _aAZ | ||
| 105 | _aac z 000 y | ||
| 181 | 0 |
_ai _baxxe |
|
| 182 | 0 | _an | |
| 200 | 1 |
_aФизика курсу _fпроф. И. И. Соколов |
|
| 203 |
_aТекст _bвизуальный _cнепосредственный |
||
| 210 |
_aБаки _cАзәрнәшр.Тәдрис-педагожи шѳ'бәси _d1941 |
||
| 215 | _d22 | ||
| 700 | 1 |
_aСоколов _bИ. И. _cд-р пед. наук, физика _f1874-1967 _gИван Иванович _3RU\NLR\AUTH\770219297 _4070 |
|
| 852 |
_aNLR _bОНЛ _jАзерб./3-1748 |
||
| 942 | _cBOOK | ||
| 945 | _aРоссийская национальная библиотека | ||
| 980 | _aBV | ||